The Merry wives of windsor
| Main Author: | |
|---|---|
| Other Authors: | |
| Format: | Book |
| Published: |
London :
Routledge ,
1993
|
| Series: | The Arden Shakespeare
|
| Subjects: |
MARC
| LEADER | 00000cam a2200000 7i4500 | ||
|---|---|---|---|
| 001 | 0000001650 | ||
| 002 | 000001800 | ||
| 005 | 20000330.0 | ||
| 020 | |a 0415026989 | ||
| 090 | 0 | 0 | |a 822.33 |b SHA |
| 100 | 1 | |a Shakespeare, William | |
| 245 | 1 | 4 | |a The Merry wives of windsor |c William Shakespeare ; edited by H.J. Oliver |
| 260 | |a London : |b Routledge , |c 1993 | ||
| 300 | |a 149 p. ; |c 20 cm. | ||
| 490 | 0 | |a The Arden Shakespeare | |
| 650 | 0 | 0 | |a Merry wives of Windsor |x Drama |
| 700 | 1 | |a Oliver, H.J | |
| 999 | |a 034061 |b BUKU |c PINJAMAN |e PERPUSTAKAAN KOMUNITI PETALING JAYA | ||